Normal view
MARC view
- Netherlands
Entry Corporate Name
001 - CONTROL NUMBER
- control field: 5327
003 - CONTROL NUMBER IDENTIFIER
- control field: SIRSI
005 - DATE AND TIME OF LATEST TRANSACTION
- control field: 20190806150242.0
008 - FIXED-LENGTH DATA ELEMENTS
- fixed length control field: 070823n| acannaabn |n ana d
040 ## - CATALOGING SOURCE
- Original cataloging agency: OSt
- Transcribing agency: OSt
110 1# - HEADING--CORPORATE NAME
- Corporate name or jurisdiction name as entry element: Netherlands
- Subordinate unit: CUR building and infrastructure
670 ## - SOURCE DATA FOUND
- Source citation: The rock manual, 2007